| 000 | 01241cab a2200241 4500 | ||
|---|---|---|---|
| 001 | X90060 | ||
| 008 | 090401t1998 xxu||||| |||| 00| 0 eng d | ||
| 035 | _a(Sirsi) u84514 | ||
| 041 | _aeng | ||
| 245 | _aWestern Trust & Savings Ltd v Travers & Co. (A firm) | ||
| 260 | _c1998 | ||
| 350 | _a0 | ||
| 490 |
_aProperty and Compensation Reports _v[1998] 75 P&cr 2, 200-209(10) |
||
| 520 | _aCA 30 October 1996. Professional negligence-loan secured by way of legal mortgage - report on title failed to disclose that property was in co-ownership and subject to an existing charge - mortgage repayments in arrears - action for possession - value of property adequate to cover loan despite defects in title - action adjourned and not pursued - action for professional negligence against solicitors - nominal damages - whether loss caused by solicitors` negligence - whether failure to mitigate loss. HEADNOTE FROM JOURNAL. | ||
| 650 | _aDAMAGES | ||
| 650 | _aMORTGAGE ARREARS | ||
| 650 | _aPROFESSIONAL NEGLIGENCE | ||
| 650 | _aREPOSSESSION | ||
| 650 | _aWESTERN TRUST & SAVINGS LTD V TRAVERS & CO | ||
| 690 | _aPROPERTY-RESIDENTIAL PROPERTY-RESIDENTIAL LANDLORD AND TENANT-RESIDENTIAL TENANCIES | ||
| 942 | _n0 | ||
| 948 | _c25/02/1998 | ||
| 999 |
_c53109 _d53109 |
||